000 00916nam a2200253Ia 4500
003 OSt
005 20221005113317.0
006 a|||||r|||| 00| 0
007 ta
008 221004b |||||||| |||| 00| 0 pan d
020 _a978813022952 (pbk)
_c260
024 _a26865
037 _b985, 16/12/2015, H.K. Prakashan
_cTextual
040 _aCRL
_cCRL
_bpan
041 _2pan
_apan
082 _aQ8441:21:g, 153Q4
100 _aਕੌਰ, ਅੰਮ੍ਰਿਤਪਾਲ
245 0 _aਗੁਰਮਤਿ ਕਾਵਿ
_b ਸਰੂਪ , ਸਿਧਾਂਤ ਤੇ ਸਥਿਤੀ
260 _aਪਟਿਆਲਾ
_bਪੰਜਾਬੀ ਯੂਲੀਵਰਸਿਟੀ ਭਾਰਤ
_c2014
300 _a233ਪੰ
_ccm.
650 _aਧਰਮ
942 _hQ8441:21:g, 153Q4
_cTEXL
_2cc
999 _c1027757
_d1027757